| 000 | 00695nam a2200181Ia 4500 | ||
|---|---|---|---|
| 008 | 090630s9999 xx 000 0 und d | ||
| 082 | _b14944 | ||
| 100 | _aकेळकर भा. दा. | ||
| 245 |
_aयंत्रशास्त्र. _cकेळकर भा. दा. |
||
| 260 |
_bमहाराष्ट्र विद्यापीठ ग्रंथनिर्मिती मंडळ - नागपूर. _c1978 |
||
| 300 | _a713 | ||
| 600 | _aकेळकर भा. दा. | ||
| 630 | _aयंत्रशास्त्र. | ||
| 655 | _aइतर. | ||
| 700 | _aकेळकर भा. दा. | ||
| 730 | _aयंत्रशास्त्र. | ||
| 942 | _cBOOK | ||
| 999 |
_c266800 _d266800 |
||